Palo Macho

Bibliographic Details
Main Author: Michalovič, Peter, 1960- (Author)
Format: Article
Language:Slovak
ISSN:1336-5541
Subjects:

MARC

LEADER 00000nab a2200000 ar4500
001 vtls008956900
003 SK-MaSNL
005 20260304144236.0
008 250505c2004 xo qr|p|||||||000 b|slo
015 |a SNBRB2007/03 
035 |a (uuid)953c7019-c499-4c82-98af-c88312a3da8f 
035 |a urn:nbn:sk:snk-ab9dv7 
035 |a (urnnbn)urn:nbn:sk:snk:ar-a08aoh 
038 |a SNKBUCL 
040 |a SNKBUCL  |b slo  |c SNKBUCL  |e AACR2 
041 0 |a slo 
044 |a xo  |c SK 
080 |a 748.071.1  |2 1997 
080 |a 929 Macho, Pavol  |2 1997 
100 1 |a Michalovič, Peter,  |d 1960-  |4 aut  |9 85879 
245 1 0 |a Palo Macho  |c Peter Michalovič 
600 1 7 |a Macho, Pavol,  |d 1965-  |2 snkbucl  |9 125545 
773 0 |t Anthropos  |g Roč. 1, č. 4 (2004), s. I-VIII  |x 1336-5541 
850 |a Slovenská národná knižnica 
852 |a Slovenská národná knižnica 
954 |a odborná, vedecká literatúra pôvodná (slovenská)  |2 lita 
958 |a article13 
958 |a OND 
958 |a SK 
958 |a BX 
958 |a EUIPO 
999 |c 2930156  |d 2932086